Eliza Dean

Oxford B


Categories

Literature - European Literature050150121128.6001
Social Science03102595112.3302
Philosophy021115132134.5000
Fine Arts - Classical Music010110133133.0000
Mythology0100104545.0001
Other0100109393.0001
Literature - World Literature010010137137.0000
History - American History010010112112.0000
Literature - American Literature010110143143.0000
Religion010010110110.0000
Literature - British Literature000000.0000
History - Other History0010-50.0000

Buzzes

MythologyVenus1045
PhilosophyApology of Socrates-561
Social ScienceNeolithic Revolution-583
Otherfood waste1093
Social ScienceAmerican Sign Language1095
ReligionRāma10110
History - American HistoryWyoming10112
Social Scienceheterosexuality10118
History - Other HistoryMohenjo-Daro-5119
Literature - European LiteratureBlood Wedding10121